000 00695nam a2200277Ia 4500
005 20260324125148.0
008 008 260324s9999 xx 000 0 eng d
020 _a9780203886335
037 _aEBOOK
040 _aCRL
040 _beng
040 _cCRL
041 _2eng
041 _aeng
084 _qCRL
100 _aMichael J. Morley; Noreen Heraty; Snejina Michailova
_91176932
245 0 _aManaging Human Resources in Central and Eastern Europe
260 _bTaylor and Francis
260 _c2009
365 _a
365 _b300
856 _uhttp://www.taylorfrancis.com/books/9780203886335
942 _cEBOOK
999 _c1771942
_d1771942